000 00543nam a22001937a 4500
003 KOHA_MİRAKIL
005 20251111125435.0
008 251111b tu ||||| |||| 00| 0 tur d
020 _a9786057838360
040 _aTR-AnABB
_btur
_cTR-AnABB
041 _atur
082 _a811.24
_bKAR 2020
100 1 _aKaracaoğlan
245 1 0 _aGülleri var bizim güle benzemez /
_cKaracaoğlan
260 _aİstanbul :
_bKapı Yayınları,
_c2020
300 _a465 sayfa ;
_c21 cm
650 0 0 _aTürk edebiyatı, şiir
942 _2ddc
_cBK
999 _c9351
_d9351
900 _bGizem YORULMAZ